000 00741nam a2200277Ia 4500
008 190123s9999 xx 000 0 und d
020 _a9780590436144
050 _bS399 1985
100 _aSchwartz, David M.
245 0 _aHow much is a million? /
245 0 _cby David M. Schwartz ; pictures by Steven Kellogg.
260 _aNew York, New York :
260 _bScholastic,
260 _c1985
300 _aunpaged :
300 _bcolored illustrations ;
300 _c27cm.
500 _a760L
650 _aBillion (The number).
650 _aMillion (The number).
650 _aNumber concept.
650 _aSpanish language.
650 _aTrillion (The number).
700 _aKellogg, Steven.
700 _aTitle.
999 _c361123
_d361123